000 00311nam a22001337a 4500
008 170526b xxu||||| |||| 00| 0 eng d
020 _a9780876294635
041 _aeng
080 _a62
100 _a25
101 _aIM
245 _aVALUE ENGINEERING PRACTICAL APPLICATION
_cISOLA.A.
942 _2udc
_cBK
999 _c14436
_d14436